000 00495nam a2200157 a 4500
001 000040672
005 20201002034308.0
008 130905s2011 sp 000 0 spa d
020 _a9788420653716
040 _aDO-SdBNP
_bspa
_cBNPHU
100 1 _aMora Teruel, Francisco
_967037
245 1 0 _a¿Se puede retrasar el envejecimiento del cerebro? :
_b12 claves /
_cFrancisco Mora.
260 _aMadrid :
_bAlianza,
_c2011.
300 _a180 p. :
_bil. ;
_c20 cm.
504 _aBibliografia : p. 169-177
999 _c40162
_d40162